[Event "Asian Nation Cup Open 2018"]
[Site "Hamedan"]
[Date "2018.07.30"]
[Round "3"]
[White "Kazhgaleyev, Murtas"]
[Black "Sasikiran, Krishnan"]
[Result "1/2-1/2"]
[WhiteElo "2575"]
[BlackElo "2666"]
[Annotator "TA"]
[PlyCount "117"]
[EventDate "2018.07.27"]
[EventType "swiss"]
[EventCountry "IRI"]
[SourceTitle "playchess.com"]
[Source "ChessBase"]
[SourceQuality "1"]
[WhiteTeam "Kazakhstan"]
[BlackTeam "India"]
[WhiteTeamCountry "KAZ"]
[BlackTeamCountry "IND"]

{[%evp 18,117,2,18,12,22,18,10,24,23,52,29,45,49,45,22,42,0,0,0,30,27,38,0,27,52,79,59,79,64,60,63,77,67,64,52,57,58,61,58,58,64,80,21,23,17,21,23,23,20,20,20,20,20,74,60,60,30,74,74,75,75,82,76,105,88,105,105,129,129,129,129,129,129,129,105,105,105,105,105,105,82,105,105,105,105,108,108,108,108,173,173,173,162,148,67,82,81,82,82,82,0]} 1. d4 Nf6 2. c4 e6 3. Nc3 Bb4 4. Nf3 d5 5. Qb3 c5 6. dxc5 Na6 {D38: Queen's Gambit Declined: Ragozin Defence (4 Nf3 Bb4)} 7. a3 Bxc3+ 8. Qxc3 Nxc5 9. cxd5 Qxd5 10. Be3 {LiveBook: 27 Games} b6 $146 ({Predecessor:} 10... Nce4 11. Qe5 Qxe5 12. Nxe5 Nd5 13. Bc1 Bd7 14. f3 {½-½ (33) Vitiugov,N (2722)-Inarkiev,E (2689) St Petersburg 2017}) 11. Rd1 Qb7 12. g3 O-O 13. Bg2 Nd5 14. Qc2 Qe7 $1 15. b4 Nd7 16. Bg5 f6 17. Bc1 {Hoping for e4.} Ba6 18. Bb2 Rac8 19. Qd2 f5 20. Nd4 {[#] And now Nxe6! would win.} N7f6 (20... Ne5 $5 {[%cal Re5c4]}) 21. O-O Rfd8 22. Rc1 {Nc6 is the strong threat.} Bb7 23. Rxc8 Rxc8 24. Rc1 Qd7 25. Rxc8+ Qxc8 26. Nb5 Qd7 27. Bxf6 {Strongly threatening Bxd5.} ({And not} 27. Nxa7 Ba8 $15) 27... Qxb5 28. Bb2 Qd7 29. Qd4 Qc7 30. Qe5 (30. b5 $16) 30... Qxe5 $11 31. Bxe5 {[%mdl 4096] Endgame KBB-KBN} Bc6 32. h4 Kf7 33. e4 Ne7 34. f3 fxe4 35. fxe4 Ng8 (35... Bd7 $11) 36. Bb8 a6 37. Bc7 b5 38. Kf2 Nf6 39. Ke3 Nd7 40. Kd4 Bb7 41. Bf3 g6 42. g4 {[%cal Bg3g4,Bg4g5][%mdl 32]} Bc6 43. g5 Bb7 44. h5 Bc6 45. Bd1 Ke7 46. hxg6 hxg6 47. Bc2 Ke8 48. e5 Kf7 49. Bd6 Kg7 50. Be7 Kf7 51. Bf6 Bb7 52. a4 Bc6 53. axb5 Bxb5 (53... axb5 $16 54. Bd3 Nb8) 54. Bd8 $18 Kg7 55. Bc7 Kf7 {[#]} 56. Bd6 (56. Bb3 $1 $16) 56... Bf1 57. Be4 {White is better.} Bb5 58. Bc7 Kg7 59. Bc2 {Precision: White = 77%, Black = 57%.} (59. Ke3 $16) 1/2-1/2

[Event "Asian Nation Cup Open 2018"]
[Site "Hamedan"]
[Date "2018.07.30"]
[Round "3"]
[White "Firouzja, Alireza"]
[Black "Bai, Jinshi"]
[Result "1-0"]
[WhiteElo "2561"]
[BlackElo "2588"]
[Annotator "TA"]
[PlyCount "85"]
[EventDate "2018.07.27"]
[EventType "swiss"]
[EventCountry "IRI"]
[SourceTitle "playchess.com"]
[Source "ChessBase"]
[SourceQuality "1"]
[WhiteTeam "Iran"]
[BlackTeam "China"]
[WhiteTeamCountry "IRI"]
[BlackTeamCountry "CHN"]

{[%evp 15,85,24,34,31,56,22,27,27,25,35,62,33,42,35,21,25,29,29,54,58,53,41,84,74,84,84,119,119,118,118,115,111,111,112,114,104,133,129,128,119,121,95,178,183,177,159,196,190,246,232,251,237,245,246,246,254,242,214,315,238,227,231,381,377,470,464,436,432,447,453,892,841]} 1. Nf3 Nf6 2. c4 c5 3. Nc3 Nc6 4. g3 g6 5. Bg2 Bg7 6. d4 d5 {A38: Symmetrical English vs ...g6: 4 Bg2 Bg7 5 Nf3 Nf6} (6... O-O 7. O-O d6 8. dxc5 dxc5 9. Be3 Be6 10. Qa4 Nd4 11. Rad1 Bd7 12. Qa3 Nc2 13. Qxc5 b6 14. Qg5 h6 15. Qf4 g5 16. Qe5 Rc8 17. Nd5 Nxd5 18. Qxd5 Nxe3 19. fxe3 {½-½ (46) Le,Q (2739)-Jumabayev,R (2602) Ashkhabad 2017}) 7. dxc5 dxc4 8. Qxd8+ Nxd8 {LiveBook: 4 Games. White has an edge.} 9. O-O Bd7 10. Ne5 Rc8 11. Be3 Be6 12. Rac1 Ne4 13. Bxe4 Bxe5 14. Rfd1 {[#]} f5 $146 15. Bd5 $36 {[%mdl 2048] White has the initiative.} Kf7 16. Na4 Bf6 17. Bxe6+ ({Don't go for} 17. Bxc4 $2 Bxc4 18. Rxc4 b5 $19) 17... Kxe6 18. Bd4 Rc6 19. Bxf6 (19. Rxc4 b5 $17) 19... Kxf6 20. Rd7 b5 21. cxb6 $1 axb6 22. Rcd1 Nf7 23. Rb7 Nd6 24. Rxb6 Rhc8 25. f3 Ke6 26. Rxc6 Rxc6 $16 {[%mdl 4096] Endgame KRN-KRN} 27. Kf2 g5 28. Ke3 Ke5 (28... Nb5 $16) 29. f4+ $18 gxf4+ 30. gxf4+ Kf6 31. Nc3 Ra6 (31... Ke6 {was worth a try.} 32. Kd4 Nb7) 32. Kd4 Ke6 33. a4 {[%cal Ba2a4,Ba4a5,Ba5a6][%mdl 32]} Rb6 34. a5 Rxb2 35. a6 {[#] Strongly threatening a7.} Rb8 36. Ra1 Kd7 (36... Ra8 {might work better.} 37. a7 Kd7) 37. Nd5 {Black must now prevent a7.} Nc8 38. Ne3 e6 (38... c3 {is a better defense.} 39. Kxc3 e6) 39. Nxc4 Kc6 40. Ke5 {White is clearly winning.} Rb4 41. Rc1 ({Weaker is} 41. a7 Nxa7 42. Rxa7 (42. Kxe6 Rxc4 43. Rxa7 Rxf4 $16) 42... Rxc4 $18) 41... Kd7 {intending ...Ke7.} 42. Kf6 Ne7 (42... Kd8 $142 43. Na5 Rb6 44. Nc6+ Ke8) 43. Rd1+ {Precision: White = 88%, Black = 41%.} 1-0

[Event "Asian Nation Cup Open 2018"]
[Site "Hamedan"]
[Date "2018.07.30"]
[Round "3"]
[White "Ghaem Maghami, Ehsan"]
[Black "Mohammed, Zozek Salah Mohamme"]
[Result "1-0"]
[WhiteElo "2537"]
[BlackElo "2261"]
[Annotator "ChessBase"]
[PlyCount "84"]
[EventDate "2018.07.27"]
[EventType "swiss"]
[EventCountry "IRI"]
[SourceTitle "playchess.com"]
[Source "ChessBase"]
[SourceQuality "1"]
[WhiteTeam "Iran"]
[BlackTeam "Iraq"]
[WhiteTeamCountry "IRI"]
[BlackTeamCountry "IRQ"]
[TimeControl "40/5400+30:1800+30"]

1. c4 {[%emt 0:03:02]} e6 {[%emt 0:00:00]} 2. Nf3 {[%emt 0:02:25]} d5 {[%emt 0:00:24]} 3. d4 {[%emt 0:03:01]} Nf6 {[%emt 0:00:27]} 4. g3 b6 {[%emt 0:06:02]} 5. Bg2 {[%emt 0:03:09]} Bb7 6. cxd5 exd5 {[%emt 0:00:43]} 7. O-O {[%emt 0:00:40]} Bd6 {[%emt 0:01:52]} 8. Nc3 a6 9. Qb3 {[%emt 0:14:31]} Nbd7 10. Nh4 O-O {[%emt 0:28:54]} 11. Nf5 {[%emt 0:09:14]} Re8 {[%emt 0:01:42]} 12. Nxd5 {[%emt 0:06:47]} Nxd5 {[%emt 0:00:47]} 13. Bxd5 {[%emt 0:00:06]} Bxd5 {[%emt 0:00:31]} 14. Qxd5 {[%emt 0:00:05]} Nf6 {[%emt 0:12:14]} 15. Qc4 {[%emt 0:06:20]} Qd7 {[%emt 0:01:31]} 16. Qd3 {[%emt 0:02:41]} Ne4 {[%emt 0:01:49]} 17. Nxd6 {[%emt 0:00:51]} Nxd6 {[%emt 0:00:22]} 18. Bf4 {[%emt 0:00:33]} Nf5 {[%emt 0:03:41]} 19. Rad1 {[%emt 0:09:21]} Rad8 {[%emt 0:10:57]} 20. d5 {[%emt 0:03:14]} b5 {[%emt 0:01:39]} 21. e4 {[%emt 0:07:19]} Nd6 {[%emt 0:00:16]} 22. Rfe1 {[%emt 0:00:59]} Nc4 {[%emt 0:02:24]} 23. Qc3 {[%emt 0:01:08]} f6 {[%emt 0:00:21]} 24. Rc1 {[%emt 0:05:05]} Re7 {[%emt 0:01:26]} 25. b3 {[%emt 0:03:04]} Nd6 {[%emt 0:00:27]} 26. f3 {[%emt 0:00:25]} Qh3 {[%emt 0:01:10]} 27. Qa5 {[%emt 0:03:03]} Qc8 {[%emt 0:02:29]} 28. Qb4 {[%emt 0:03:51]} Qa8 {[%emt 0:02:55]} 29. Rc6 {[%emt 0:00:52]} a5 {[%emt 0:00:09]} 30. Qc5 {[%emt 0:00:24]} Qb8 {[%emt 0:00:29]} 31. Rc1 {[%emt 0:00:24]} g5 {[%emt 0:00:53]} 32. Bxd6 {[%emt 0:01:15]} cxd6 {[%emt 0:00:11]} 33. Qd4 {[%emt 0:02:45]} Kf7 {[%emt 0:00:28]} 34. Kg2 {[%emt 0:03:39]} h5 {[%emt 0:03:11]} 35. h3 {[%emt 0:00:46]} g4 {[%emt 0:01:33]} 36. hxg4 {[%emt 0:00:25]} hxg4 {[%emt 0:00:02]} 37. fxg4 {[%emt 0:00:11]} Rg8 {[%emt 0:01:20]} 38. Rf1 {[%emt 0:00:24]} Re5 {[%emt 0:00:19]} 39. Rf4 {[%emt 0:00:58]} Rc8 {[%emt 0:05:52]} 40. g5 {[%emt 0:00:26]} Rxc6 {[%emt 0:00:26]} 41. dxc6 {[%emt 0:30:17]} Qe8 {[%emt 0:30:29]} 42. Qxd6 {[%emt 0:01:10]} Qd8 1-0

[Event "Asian Nation Cup Open 2018"]
[Site "Hamedan"]
[Date "2018.07.30"]
[Round "3"]
[White "Pourramezanali, Amirreza"]
[Black "Abdulwahhab, Ahmed Abdulsattar A"]
[Result "1-0"]
[WhiteElo "2537"]
[BlackElo "2290"]
[Annotator "TA"]
[PlyCount "49"]
[EventDate "2018.07.27"]
[EventType "swiss"]
[EventCountry "IRI"]
[SourceTitle "playchess.com"]
[Source "ChessBase"]
[SourceQuality "1"]
[WhiteTeam "Iran"]
[BlackTeam "Iraq"]
[WhiteTeamCountry "IRI"]
[BlackTeamCountry "IRQ"]

{[%evp 28,49,41,9,40,41,179,179,314,301,310,303,665,654,636,272,272,0,650,635,665,631,29991,29992]} 1. e4 c5 2. Nf3 e6 3. c3 d5 4. exd5 Qxd5 5. d4 Nf6 6. Be3 cxd4 7. cxd4 Nc6 8. Nc3 Qd6 9. a3 Be7 10. Bd3 O-O 11. O-O b6 12. Qe2 Bb7 13. Rad1 Rad8 14. Rfe1 Rfe8 15. Bb1 {LiveBook: 34 Games. B22: Sicilian: 2 c3} h6 16. Qc2 Na5 $146 (16... Qb8 $14) ({Predecessor:} 16... Bf8 17. d5 Ne7 18. dxe6 Qxe6 19. Bd4 Qg4 20. Bxf6 Ng6 21. h3 Rxd1 22. Qxd1 Rxe1+ 23. Qxe1 Qf4 24. Bxg6 Bxf3 25. Be5 {1-0 (25) Bojkov,D (2520)-Knors,R (2093) Chambery 2007}) 17. Ne5 $18 {White is clearly better.} Rc8 (17... Qc7 $142 18. Bf4 Ba6) 18. Bxh6 Rxc3 ({And not} 18... gxh6 19. Nxf7 $1 {[%mdl 512]} Kxf7 20. Qg6+ Kf8 21. Qxh6+ Kf7 22. d5 $1 $11 {[%mdl 512]} (22. Bg6+ Kg8 $11)) 19. Qxc3 gxh6 $2 (19... Qd5 20. Qg3 Qxg2+ 21. Qxg2 Bxg2 22. Bxg7 Bd5) 20. Qg3+ Kf8 {[#]} 21. Qf4 (21. Bg6 $142 $1 {[%mdl 512]}) 21... Kg7 22. Qg3+ $2 (22. Re3 Rh8 23. Rc1) 22... Kf8 {[#]} 23. Bg6 $1 {[%mdl 512]} Rd8 (23... fxg6 24. Qxg6) 24. Bxf7 {And now Qg6 would win.} Bd5 25. Qg6 {Precision: White = 65%, Black = 18%.} 1-0

[Event "Asian Nation Cup Open 2018"]
[Site "Hamedan"]
[Date "2018.07.30"]
[Round "3"]
[White "Tran, Tuan Minh"]
[Black "Khoroshev, Nikita"]
[Result "1-0"]
[WhiteElo "2520"]
[BlackElo "2424"]
[Annotator "TA"]
[PlyCount "121"]
[EventDate "2018.07.27"]
[EventType "swiss"]
[EventCountry "IRI"]
[SourceTitle "playchess.com"]
[Source "ChessBase"]
[SourceQuality "1"]
[WhiteTeam "Vietnam"]
[BlackTeam "Uzbekistan"]
[WhiteTeamCountry "VIE"]
[BlackTeamCountry "UZB"]

{[%evp 18,120,15,10,35,14,45,43,51,27,31,30,41,29,22,27,33,31,32,18,16,0,27,11,7,0,16,16,16,15,20,16,18,16,20,26,21,22,24,14,27,17,44,44,89,50,70,61,99,11,8,10,24,29,16,0,34,24,48,13,27,0,56,0,7,12,41,36,84,63,70,32,131,113,157,125,226,222,714,714,687,687,1127,1044,992,344,319,241,29970,29971,29973,29974,29969,383,1512,0,29959,29962,29991,29992,29995,29996,29997,29998,29999]} 1. d4 Nf6 2. c4 e6 3. Nf3 Bb4+ 4. Bd2 Qe7 5. g3 Nc6 6. Nc3 d5 7. cxd5 exd5 8. Bg2 O-O 9. O-O Re8 10. e3 {LiveBook: 4 Games. E11: Bogo-Indian} (10. Qb3 Bg4 11. Be3 Na5 12. Nxd5 Nxd5 13. Qxd5 c6 14. Qg5 Qxg5 15. Bxg5 f6 16. Bf4 Rxe2 17. b3 b5 {½-½ (30) Kveinys,A (2542)-Gorodetzky,D (2391) Panevezys 2017}) 10... Bxc3 11. Bxc3 Ne4 12. Qb3 $146 {White is slightly better.} ({Predecessor:} 12. Nd2 Nxc3 13. bxc3 Be6 14. Qh5 Rad8 15. e4 Qd7 16. f4 f6 17. e5 Bg4 {1-0 (50) Dietrich,U-Markus,N DESC email 2000}) 12... Qd6 13. Rfc1 b6 14. Be1 Bd7 15. Rc2 a5 16. Rac1 Ra7 17. Qa3 {aiming for Qxd6.} Qe6 18. Nd2 Nf6 19. Nf3 Ne4 20. Bf1 Rc8 21. Qb3 f6 22. Bg2 Ne7 23. Nd2 {[%cal Bf3d2,Bd2b1,Bb1c3][%mdl 32]} Nd6 24. Nb1 Qf7 25. a4 Bf5 26. Re2 Rb7 27. Nc3 c6 28. f3 Be6 29. Qd1 h5 30. Bf2 g5 31. b3 g4 32. Re1 Kg7 33. fxg4 (33. e4 $1 $16) 33... hxg4 $11 34. e4 dxe4 35. Nxe4 Nxe4 36. Bxe4 Rd7 37. Qe2 Rd6 38. Be3 Re8 39. Qf2 Nd5 (39... Bxb3 $11 40. Rb1 (40. Qf4 Re6 $11) 40... Re6) 40. Bxd5 (40. Bf4 $14 Nxf4 41. Qxf4) 40... Rxd5 41. Rxc6 b5 42. Qf4 {Threatens to win with axb5.} bxa4 43. bxa4 {Hoping for Bd2.} Qg6 44. Rc5 {Qc7+ is the strong threat.} Rh8 (44... Rf5 $14 45. Qc7+ Bf7) 45. Qc7+ $16 Rd7 46. Qc6 $36 {[%mdl 2048] Black is under strong pressure.} Qf7 (46... Re7 $16 47. Bd2 (47. Rxa5 Qh7 $18) 47... Qh7) 47. Bg5 $1 $18 Re7 $2 (47... Re8 48. Rf1 f5) 48. Rf1 Rc8 49. Qb6 Rb7 50. Bxf6+ Kh7 {[#]} 51. Qxa5 $2 (51. Rh5+ $1 {[%mdl 512]} Qxh5 52. Qxb7+ Qf7 53. Qe4+ Kg8 54. d5 $1 {[%mdl 512]}) 51... Rxc5 52. Qxc5 Bd5 $2 {[#]} (52... Bc4 $18) 53. Qc2+ $1 Qg6 {[#]} 54. Rf5 $1 Kh6 55. Bg5+ $2 (55. Be5 {mates} Bf7 56. Rf6 Kh5 57. Rxg6 Bxg6 58. Qe2 Rb1+ 59. Kg2 Rc1 60. Bf4) 55... Kh7 $2 (55... Kg7 56. Bf6+ Qxf6 57. Rxf6 Kxf6) 56. Bf6 Kh6 57. Be5 {White mates.} Rb2 58. Qc1+ Kh7 59. Qc7+ Kg8 60. Qd8+ Kh7 61. Qh8# {Precision: White = 62%, Black = 34%.} 1-0

[Event "Asian Nation Cup Open 2018"]
[Site "Hamedan"]
[Date "2018.07.30"]
[Round "3"]
[White "Yakubboev, Nodirbek"]
[Black "Nguyen, Ngoc Truong Son"]
[Result "1/2-1/2"]
[WhiteElo "2512"]
[BlackElo "2618"]
[Annotator "TA"]
[PlyCount "40"]
[EventDate "2018.07.27"]
[EventType "swiss"]
[EventCountry "IRI"]
[SourceTitle "playchess.com"]
[Source "ChessBase"]
[SourceQuality "1"]
[WhiteTeam "Uzbekistan"]
[BlackTeam "Vietnam"]
[WhiteTeamCountry "UZB"]
[BlackTeamCountry "VIE"]

{[%evp 18,40,13,0,30,15,20,14,18,15,19,22,34,3,8,10,10,0,0,-71,0,0,0,-2,0]} 1. c4 c6 2. d4 d5 3. Nf3 Nf6 4. e3 e6 5. b3 c5 6. cxd5 {D30: Damengambit (ohne Sc3)} (6. Bb2 cxd4 7. exd4 dxc4 8. bxc4 Qa5+ 9. Nbd2 Ba3 10. Qc1 Bxb2 11. Qxb2 Nc6 12. Be2 Qb4 13. O-O-O {½-½ (57) Short,N (2698)-Duda,J (2706) Heraklio 2017}) 6... exd5 7. Bb2 Nc6 8. Be2 cxd4 9. Nxd4 Bb4+ 10. Bc3 $146 {LiveBook: 3 Partien} ({Vorgänger:} 10. Nc3 Qa5 11. Ndb5 Ne4 12. Rc1 Nxc3 13. Bxc3 Bxc3+ 14. Nxc3 {½-½ (25) Gonzalez Rabago,N (2455)-Van Unen,H (2501) ICCF email 2015}) 10... Qb6 (10... Bc5 {feels hotter.} 11. Bb2 Bb4+) 11. a3 (11. O-O {keeps more tension.} Be7 12. Nxc6 bxc6 13. Be5 O-O 14. Nc3) 11... Bxc3+ 12. Nxc3 Nxd4 13. Qxd4 Qxd4 14. exd4 Be6 15. Na4 Ke7 16. f3 Rhc8 17. Kf2 Rc6 18. Bb5 (18. Rhc1 $11 {bleibt in der Remisbreite.}) 18... Rc7 (18... Rc2+ $17 19. Be2 Rac8) 19. Rhc1 $11 Rac8 20. Rxc7+ Rxc7 {Precision: Weiß = 36%, Schwarz = 42%.} 1/2-1/2

[Event "Asian Nation Cup Open 2018"]
[Site "Hamedan"]
[Date "2018.07.30"]
[Round "3"]
[White "Dao, Thien Hai"]
[Black "Abdisalimov, Abdimalik"]
[Result "1-0"]
[WhiteElo "2476"]
[BlackElo "2331"]
[Annotator "TA"]
[PlyCount "87"]
[EventDate "2018.07.27"]
[EventType "swiss"]
[EventCountry "IRI"]
[SourceTitle "playchess.com"]
[Source "ChessBase"]
[SourceQuality "1"]
[WhiteTeam "Vietnam"]
[BlackTeam "Uzbekistan"]
[WhiteTeamCountry "VIE"]
[BlackTeamCountry "UZB"]

{[%evp 26,87,33,33,63,64,58,43,71,67,76,74,141,137,138,120,126,96,97,83,83,83,94,93,90,90,219,224,199,210,249,255,238,230,261,281,277,274,259,250,345,337,472,472,420,412,412,321,452,448,468,454,472,292,333,209,674,689,678,675,666,645,607,616]} 1. d4 Nf6 2. c4 e6 3. Nc3 Bb4 4. Qc2 O-O 5. a3 Bxc3+ 6. Qxc3 b6 7. Bg5 Bb7 8. f3 d5 9. e3 Nbd7 10. cxd5 exd5 11. Bd3 Re8 12. Ne2 h6 13. Bh4 c5 {E32: Nimzo-Indian: Classical (4 Qc2): 4...0-0} 14. O-O {LiveBook: 47 Games} Qc8 15. Rfe1 {[#]} Ba6 $146 {White is slightly better.} ({Predecessor:} 15... Qc6 16. Qd2 a5 17. Nc3 Ba6 18. Bc2 b5 19. dxc5 Qxc5 20. Bb3 Bb7 21. Rac1 {1-0 (55) Turov,M (2539)-Zoler,D (2526) Golden Sands 2000}) 16. Bf5 {Threatens to win with Bxf6.} Qc6 17. Rac1 Qd6 18. Qd2 cxd4 (18... Rad8 $142) 19. Nxd4 $16 Ne5 20. b3 g6 21. Bb1 $1 Rac8 22. a4 Nfd7 23. Bg3 Nc5 24. Rc3 Qf6 25. Rec1 Rcd8 (25... Ne6 $16 {was worth a try.}) 26. Bxe5 $1 $18 Rxe5 {[#]} 27. b4 $1 {[%cal Rb4c5,Bb3b4,Bb4b5][%mdl 32]} Ne6 28. b5 Bb7 {[#]} 29. f4 $1 {[%cal Rf4e5]} Rxe3 30. Rxe3 Nxd4 31. Rc7 {[%cal Bc1c7,Bc7a7,Ba7a8][%mdl 32]} Bc8 32. Rxa7 Qxf4 33. Qf2 ({Avoid the trap} 33. Re8+ $2 Rxe8 34. Qxf4 Ne2+ 35. Kf2 Nxf4 $19) 33... Ne6 (33... Qxf2+ {keeps fighting.} 34. Kxf2 Bf5) 34. Qxf4 Nxf4 35. Ra8 d4 36. Rf3 Ne2+ (36... Ne6 $142 37. Rf1 Bd7 38. Rxd8+ Nxd8) 37. Kf2 Nc3 38. Bd3 Kg7 39. Bc4 f5 40. Be6 Bxe6 $2 (40... d3 41. Rxc8 Rxc8 42. Bxc8 d2) 41. Rxd8 {White is clearly winning.} Nxa4 42. Rxd4 Nc5 43. Re3 Kf7 44. Rd6 {Precision: White = 99%, Black = 48%.} 1-0

[Event "Asian Nation Cup Open 2018"]
[Site "Hamedan"]
[Date "2018.07.30"]
[Round "3"]
[White "Sindarov, Javokhir"]
[Black "Nguyen, Duc Hoa"]
[Result "1/2-1/2"]
[WhiteElo "2474"]
[BlackElo "2441"]
[Annotator "TA"]
[PlyCount "43"]
[EventDate "2018.07.27"]
[EventType "swiss"]
[EventCountry "IRI"]
[SourceTitle "playchess.com"]
[Source "ChessBase"]
[SourceQuality "1"]
[WhiteTeam "Uzbekistan"]
[BlackTeam "Vietnam"]
[WhiteTeamCountry "UZB"]
[BlackTeamCountry "VIE"]

{[%evp 23,43,18,43,14,36,0,0,0,0,0,18,-13,-23,-23,-21,-24,0,0,0,0,0,-14]} 1. e4 c5 2. Nf3 Nc6 3. d4 cxd4 4. Nxd4 Qb6 5. Nb3 Nf6 6. Nc3 e6 7. Be3 Qc7 8. a3 a6 9. Be2 b5 10. O-O Be7 {B33: Sicilian: Pelikan and Sveshnikov Variations} 11. f4 d6 12. Qe1 Bb7 {LiveBook: 3 Games} 13. Qg3 O-O 14. Kh1 b4 15. axb4 Nxb4 16. Bd3 a5 $146 {[%cal Ba6a5,Ba5a4][%mdl 32]} ({Predecessor:} 16... Rab8 17. Nd2 Nd7 18. f5 {0-1 (34) Spyropoulos,N (1993)-Petrov,M (2482) Loutraki 2015}) 17. Bd4 a4 18. Nd2 Nh5 19. Qg4 Nf6 20. Qg3 {The position is equal.} Nh5 21. Qg4 Nf6 22. Qg3 1/2-1/2

[Event "Asian Nation Cup Open 2018"]
[Site "Hamedan"]
[Date "2018.07.30"]
[Round "3"]
[White "Al-Ali, Hussein Ali Hussein"]
[Black "Lorparizangeneh, Shahin"]
[Result "0-1"]
[WhiteElo "2267"]
[BlackElo "2493"]
[Annotator "TA"]
[PlyCount "80"]
[EventDate "2018.07.27"]
[EventType "swiss"]
[EventCountry "IRI"]
[SourceTitle "playchess.com"]
[Source "ChessBase"]
[SourceQuality "1"]
[WhiteTeam "Iraq"]
[BlackTeam "Iran"]
[WhiteTeamCountry "IRQ"]
[BlackTeamCountry "IRI"]

{[%evp 15,80,-14,-24,-16,-8,-16,-17,-16,-14,-25,-13,-38,-16,-35,-12,-16,8,-15,-20,0,-11,-11,9,20,32,0,38,20,29,13,26,0,59,12,12,12,25,0,0,-19,-18,-34,-27,-210,-211,-202,-207,-195,-180,-545,-562,-517,-519,-766,-791,-768,-760,-791,-767,-857,-857,-830,-767,-759,-759,-29991,-29991]} 1. e4 c5 2. Nf3 d6 3. c3 Nf6 4. Be2 g6 5. O-O Bg7 6. d3 O-O 7. Nbd2 Nc6 8. Re1 e5 {LiveBook: 20 Games. B50: Sicilian: 2...d6, Miscellaneous} 9. Nc4 (9. a3 a5 10. Bf1 a4 11. b4 axb3 12. Qxb3 h6 13. a4 Be6 14. Qxb7 Rb8 15. Qxc6 Rb6 16. Qb5 Rxb5 17. axb5 {1-0 (86) Fries Nielsen,J (2354)-Teplyi,I (2450) Kolding 2017}) 9... Be6 10. Bg5 $146 ({Predecessor:} 10. Qc2 h6 11. h3 b5 12. Ne3 Qd7 13. Nf1 Rac8 14. Be3 Kh7 15. N3h2 Ng8 16. f4 {0-1 (41) Osmic,D-Gerber,R (2320) Geneve 1993}) 10... h6 {The position is equal.} 11. Bxf6 Bxf6 12. Ne3 Bg7 13. h3 b5 {[%cal Bb7b5,Bb5b4][%mdl 32]} 14. Qd2 Rb8 15. Bd1 b4 16. Ba4 Na5 17. c4 f5 18. Qe2 Qf6 19. Nd5 Qf7 20. Nd2 fxe4 21. dxe4 h5 22. Rf1 Bh6 23. Nb3 Nb7 (23... Nxb3 $11 24. axb3 Bxd5 25. cxd5 Qc7) 24. Rad1 {[%cal Ba1d1,Bd1d3,Bd3g3][%mdl 32]} Kh8 25. Rd3 Qg7 26. Nd2 Nd8 {[%cal Bb7d8,Bd8e6,Be6d4][%mdl 32]} 27. Rd1 Bg8 28. Rg3 Ne6 29. Nf1 $2 {[#]} (29. Nb3 $11 {and White has nothing to worry.}) 29... Nd4 $19 30. Qe1 Rb7 {[%cal Bb8b7,Bb7f7,Bf7f2][%mdl 32]} 31. Nd2 Rbf7 32. Nb3 $2 (32. f3 {is more resistant.}) 32... Rxf2 33. Nxd4 exd4 (33... cxd4 $2 34. Qxf2 Rxf2 35. Kxf2 $19) 34. Qxf2 Rxf2 35. Kxf2 Bxd5 36. exd5 Be3+ 37. Kf1 Qe5 38. Rf3 Qh2 39. Rf8+ Kg7 40. Ra8 {[#]} d3 $1 {[%mdl 512] Precision: White = 30%, Black = 70%.} 0-1

[Event "Asian Nation Cup Open 2018"]
[Site "Hamedan"]
[Date "2018.07.30"]
[Round "3"]
[White "Taleb, Salem Hatam"]
[Black "Mousavi, Seyed Khalil"]
[Result "0-1"]
[WhiteElo "2071"]
[BlackElo "2447"]
[Annotator "TA"]
[PlyCount "82"]
[EventDate "2018.07.27"]
[EventType "swiss"]
[EventCountry "IRI"]
[SourceTitle "playchess.com"]
[Source "ChessBase"]
[SourceQuality "1"]
[WhiteTeam "Iraq"]
[BlackTeam "Iran"]
[WhiteTeamCountry "IRQ"]
[BlackTeamCountry "IRI"]

{[%evp 17,82,4,14,0,5,0,-10,-10,-2,-41,-30,-42,-49,-45,-29,-48,-39,-44,-37,-40,-35,-45,-36,-56,0,0,10,-186,-195,-197,-192,-280,-280,-306,-305,-378,-370,-379,-359,-471,-402,-493,-472,-631,-602,-697,-762,-781,-768,-757,-741,-754,-619,-950,-927,-860,-872,-1060,-1018,-985,-887,-985,-964,-930,-881,-855,-879]} 1. c4 c5 2. Nc3 Nc6 3. g3 g6 4. Bg2 Bg7 5. d3 e6 6. e4 Nge7 {[%cal Bg8e7,Be7c6,Bc6e5][%mdl 32]} 7. Nge2 O-O 8. O-O d6 9. Rb1 Nd4 {LiveBook: 9 Games} 10. Bd2 $146 {A36: Symmetrical English vs ...g6: 4 Bg2 Bg7} ({Predecessor:} 10. Nxd4 cxd4 11. Ne2 a5 12. b3 Nc6 13. a3 Bd7 14. Bf4 Qe7 15. Qd2 Rab8 16. Bh6 Bxh6 17. Qxh6 b5 18. Qd2 e5 19. f4 f6 20. f5 g5 21. g4 {0-1 (42) Lee,M (2435)-Zapata,A (2424) Charlotte 2017}) 10... Nec6 11. a3 b6 12. b4 {The position is equal.} Bb7 13. Nf4 Qd7 14. h4 Ne5 15. Be3 h6 16. Bxd4 cxd4 17. Nb5 Nc6 $1 {[#] Strongly threatening ...a6.} 18. a4 $1 a5 19. bxa5 Rxa5 20. Bh3 Rfa8 ({Black should try} 20... Qe7 $15) 21. Nd5 $11 Qd8 22. Nxb6 $2 {[#]} (22. Ndc7 $11 {and White has nothing to worry.}) 22... Qxb6 $19 23. Nxd6 Nb4 24. Nxb7 (24. e5 {was necessary.} Bc6 25. f4) 24... Qxb7 25. Qb3 Rxa4 26. Bg2 Qe7 27. e5 R8a5 28. Rfc1 Qc5 29. h5 gxh5 {Black is clearly winning.} 30. Be4 Bxe5 31. Kg2 Bd6 32. Qd1 Ra2 33. Qf3 Kg7 34. Rh1 Rd2 35. Rh4 Qg5 36. c5 Qxc5 37. g4 Raa2 38. Rf1 Qg5 39. Rxh5 Qe3 40. g5 Qxf3+ 41. Kxf3 hxg5 {Precision: White = 16%, Black = 82%.} 0-1